000 00686nam a2200241 i 4500
001 C2-0242277
003 PPAK
005 20180727204327.0
008 020924s1975 fr |||| ||||| | eng d
040 _aPPAK
_beng
_cPPAK
_erda
082 0 4 _a371.207
_223
090 0 0 _a371.207
_bMCC
_dKSI
100 1 _aMcCabe, James,
_eauthor
245 1 0 _aPlanning the location of schools :
_bthe district of Kaski, Nepal
264 1 _aParis :
_bThe Unesco Press ,
_c1975
300 _a76 pages ;
_c27 cm
336 _2rdacontent
_atext
337 _2rdamedia
_aunmediated
338 _2rdacarrier
_avolume
650 1 0 _aSchool management and organisation
700 _eauthor
942 _ddc
_cB
999 _c57062
_d57062